000 00454nam a22001817a 4500
003 NUST - PNEC
005 20170116180913.0
008 150903b xxu||||| |||| 00| 0 eng d
020 _a-
040 _cLIBRARY
082 _a620.112 IJA
100 _97195
_aKhan, Ijaz Hussain
245 _aCorrosion technology vol. 1
_cIjaz Hussain Khan
250 _a1st ed.
260 _cc.1991
650 _97199
_aMechaniocal Engineering
_xME
942 _2ddc
_cBK
999 _c65339
_d65339